| 000 | 00764 a2200193 4500 | ||
|---|---|---|---|
| 003 | Nust | ||
| 005 | 20230116101222.0 | ||
| 010 | _a 79087607 | ||
| 020 | _a0316942359 | ||
| 040 | _cNust | ||
| 082 | 0 | 0 | _a658,WIL |
| 100 | 1 |
_aWilliams, J. D. _979476 |
|
| 245 | 1 | 0 |
_aPublic administration : _bthe people's business / _cJ. D. Williams ; [photos., Arthur Grace ... et al.]. |
| 260 |
_aBoston : _bLittle, Brown, _cc1980. |
||
| 300 |
_axx, 585 p. : _bill. ; _c24 cm. |
||
| 505 | _aPart I: People and Organization (Page-3), Part II: Tasks of Management (Page-135), Part III: Fiscal Aspects of Management (Page-319), Part IV: Personnel Administration (Page-395), Part V: Administrative Ethics (Page-499). | ||
| 650 | 0 |
_aPublic administration. _95690 |
|
| 942 |
_2ddc _cBK |
||
| 999 |
_c186018 _d186018 |
||